00305nam a2200121Ia 4500008004100000040001700041041001200058082001400070100002000084245004100104260002300145300001500168230917s9999||||xx |||||||||||||| ||und|| e200984aMAIN aEnglish aB N315K:K aKalhan, Promila 0aKamala Nehru: Ek atmiya jeevancharit aDelhibVikasc1974 avi, 136 p.